Ekonometričeskij analiz regional'nych sistem

Salvato in:
Dettagli Bibliografici
Autore principale: Glickman, N.
Natura: Libro
Lingua:russo
Pubblicazione: Moskva Progress 1980
Tags: Aggiungi Tag
Nessun Tag, puoi essere il primo ad aggiungerne!!

MARC

LEADER 00000nam a2200000 4500
001 c119151
005 20041019155213.4
041 0 |a rus 
044 |a RU 
245 1 0 |a Ekonometričeskij analiz regional'nych sistem  |c N. Glickman 
264 1 |a Moskva  |b Progress  |c 1980 
300 |a 277 s. 
100 1 |a Glickman, N.